00685nam a2200193Ia 4500008004100000020001800041082001400059100001600073245005100089250000800140260007000148300002300218500001900241600002700260650005000287942000700337952013000344999001700474240925s9999 xx 000 0 und d a9780070617254 a004.6 TIT aTittel, Ed. 0aSchaums Outlines Series of Computer Networking a1st aNew Delhi:bMcGraw Hill Education (India) Private Limitedc,2013. a749p.b0fOriginal aIncludes Index aEngineering Technology aComputer science, information & general works cBK 001040708ETaUITUbUITUd2015-12-10eAlliance Book Co.g1329.82l0o004.6 TITpQ10579r2024-09-25 07:15:45w2024-09-25yBK c13078d13078